| 000 | 00760nam a22002415a 4500 | ||
|---|---|---|---|
| 008 | 161222s2016 nyua|||frb||| 001 0 eng d | ||
| 020 | _a1681173840 | ||
| 020 | _a9781681173849 | ||
| 040 |
_aEG-ScBUE _beng _cEG-ScBUE |
||
| 082 | 0 | 4 |
_222 _a621.433 _bPAT |
| 245 | 0 | 0 |
_aGas turbine engineering handbook / _cEditor, Sanjay Patil. |
| 260 |
_aValley Cottage, New York : _bScitus Academics LLC, _c2016. |
||
| 300 |
_a230 p. : _bill. ; _c18 cm. |
||
| 500 | _aIndex : p. 229-230. | ||
| 504 | _aCitations : p. 225-227. | ||
| 504 | _aIncludes bibliographical references. | ||
| 590 | _aWessam | ||
| 650 | 7 |
_2BUEsh _93977 _aGas-turbines. |
|
| 651 | _2BUEsh | ||
| 653 |
_bENGPET _cDecember2016 |
||
| 700 | 1 |
_941754 _aPatil, Sanjay. |
|
| 942 |
_2ddc _e22 _k621.433 PAT |
||
| 999 |
_c23717 _d23689 |
||